000 00296nam a22001217a 4500
999 _c23224
_d23224
003 NUST
005 20170606113701.0
008 170606b xxu||||| |||| 00| 0 eng d
020 _a0471066915
040 _aDLC
_bDLC
_cRCMS
050 _a532.05 SHA
082 _a532.05 SHA
100 _aASCHER H. SHAPIRO
_92034
245 _aTHE DYANMICS AND THERMODYNAMICS OF COMPRESSIBLE FLUID FLOW
260 _aUSA
_bJOHN WILEY & SONS
_c1953
300 _a647
538 _iShelf # 10, Row # 5, Mechanical & Aerospace.
942 _cBK
_2ddc
_h532.05 SHA